| 000 | 00396cam a22001217a 4500 | ||
|---|---|---|---|
| 008 | 180718b1980 xxu||||| |||| 00| 0 eng d | ||
| 082 | _aT19x5444 P985 | ||
| 100 | _aPuttaswamaiah, K. | ||
| 245 |
_aEconomic development of Karnataka: a treatise in continuity and change _cby K. Puttaswamaiah |
||
| 260 |
_aDelhi _bOxford & IBH _c1980 |
||
| 300 | _a2v. | ||
| 650 | _aKarnataka (India) --Economic policy. | ||
| 999 |
_c351997 _d351997 |
||